000 00462nam a2200169 a 4500
001 4804
005 20180713184650.0
008 140415s1982 mx 000 0 spa d
041 _aspa
082 _a720.8
_bAME
245 0 0 _aAMERICA LATINA EN SU ARQUITECTURA
250 _a4A ED.
260 _aMEXICO :
_bSIGLO VEINTIUNO EDITORES,
_c1982
300 _a317
490 _aAMERICA LATINA EN SU CULTURA
650 1 4 _aARQUITECTURA
_xAMERICA LATINA
999 _c4804
_d4804